000 nam a22 a 4500
999 _c1405
_d1405
003 AKMAL
005 20170509140528.0
008 170509s2007 enk e 001 0 eng d
020 _a9781412941617 (pbk.) :
_cRM173.11
020 _a9781412974882
039 9 _a200911101457
_bzuraidahs
_c200909160954
_dshuhada
040 _aAKMAL
_cAKMAL
082 0 4 _a303.34 NOR
_222
090 0 0 _a303.34
_bNOR
100 1 _aNorthouse, Peter Guy
_92759
245 1 0 _aLeadership :
_btheory and practice /
_cPeter G. Northouse
250 _a4th ed.
260 _aThousand Oaks :
_bSAGE Publications,
_c2007
300 _axx, 395p. :
_bill. ;
_c23cm.
504 _aIncludes bibliographical references and indexes
505 0 _a1. Introduction -- 2. Trait approach -- 3. Skills approach -- 4. Style approach -- 5. Situational approach -- 6. Contingency theory -- 7. Path-goal theory -- 8. Leader-member exchange theory -- 9. Transformational leadership -- 10. Team leadership / Susan E. Kogler Hill -- 11. Psychodynamic approach / Ernest L. Stech -- 12. Women and leadership / Crystal L. Hoyt -- 13. Culture and leadership -- 14. Leadership ethics
650 1 0 _aLeadership
_9120
650 2 0 _aLeadership
_vCase studies
_92760
856 _aContributor biographical information http://www.loc.gov/catdir/enhancements/fy0734/2006020191-b.html Table of contents only http://www.loc.gov/catdir/enhancements/fy0661/2006020191-t.html Publisher description http://www.loc.gov/catdir/enhancements/fy0664/2006020191-d.html
942 _2ddc
_cBOOK